=LDR 00000nam 2200000 4500 =001 INLIS00000000000045 =005 20260702043538 =020 ##$$a 978-623-6258-56-9 =082 ##$$a 297.122 =100 1#$$a Dhea, Kak =245 1 $$a Kisah Di Balik Turunnya Surat /$c Kak Dhea =300 ##$$a 44 Hal ; 17x24 cm